000 00431nam a2200181Ia 4500
005 20240921120706.0
008 240921s9999||||xx |||||||||||||| ||und||
041 _aENGLISH
082 _A541.22 M9
100 _aBanwell C N
245 0 _aFundamentals of Molecular Spectroscopy
250 _a3rd
260 _c1989
_bTMH,New Delhi
500 _aInfra- Red
650 _aMolecular
_bChemistry
942 _cBK
999 _c247334
_d247334